Online
Catalog

El excremento del diablo : (Record no. 5755)

MARC details
000 -CABECERA
campo de control de longitud fija 01061cam a2200265 a 4500
001 - NÚMERO DE CONTROL
campo de control 000005959
005 - FECHA Y HORA DE LA ÚLTIMA TRANSACCIÓN
campo de control 20200929151847.0
008 - DATOS DE LONGITUD FIJA--INFORMACIÓN GENERAL
campo de control de longitud fija 980310s1997 ve b 001 0 spa
020 ## - NÚMERO INTERNACIONAL ESTÁNDAR DEL LIBRO
Número Internacional Estándar del Libro 9803540440
040 ## - FUENTE DE LA CATALOGACIÓN
Centro catalogador/agencia de origen DO-SdBNP
Lengua de catalogación spa
Centro/agencia transcriptor BNPHU
082 ## - NÚMERO DE LA CLASIFICACIÓN DECIMAL DEWEY
Número de clasificación 320.87
Número de documento/Ítem P438e
100 1# - ENTRADA PRINCIPAL--NOMBRE DE PERSONA
Nombre de persona Pérez Schael, María Sol.
9 (RLIN) 16782
245 13 - MENCIÓN DE TÍTULO
Título El excremento del diablo :
Resto del título la democracia venezolana y sus protagonistas, Betancourt, Caldera y Pérez /
Mención de responsabilidad, etc. María Sol Pérez Schael; edición al cuidado de Bernardo Infante Daboín.
260 ## - PUBLICACIÓN, DISTRIBUCIÓN, ETC.
Lugar de publicación, distribución, etc. Caracas, (Venezuela) :
Nombre del editor, distribuidor, etc. Alfadil Ediciones,
Fecha de publicación, distribución, etc. 1997.
300 ## - DESCRIPCIÓN FÍSICA
Extensión 158 p. ;
Dimensiones 22 cm.
490 1# - MENCIÓN DE SERIE
Mención de serie Trópicos
Designación de volumen o secuencia 58
504 ## - NOTA DE BIBLIOGRAFÍA, ETC.
Nota de bibliografía, etc. Incluye referencias bibliográficas (p. 154-158).
651 #4 - PUNTO DE ACCESO ADICIONAL DE MATERIA--NOMBRE GEOGRÁFICO
Nombre geográfico Venezuela
Subdivisión general Política Y Gobierno
Subdivisión cronológica 1935-
9 (RLIN) 10676
650 #4 - PUNTO DE ACCESO ADICIONAL DE MATERIA--TÉRMINO DE MATERIA
Término de materia o nombre geográfico como elemento de entrada Democracia
Subdivisión geográfica Venezuela
Subdivisión general Historia
Subdivisión cronológica SIGLO XX
9 (RLIN) 16783
600 14 - PUNTO DE ACCESO ADICIONAL DE MATERIA--NOMBRE DE PERSONA
Nombre de persona BETANCOURT, ROMULO,
Fechas asociadas al nombre 1908-1981.
9 (RLIN) 16784
600 14 - PUNTO DE ACCESO ADICIONAL DE MATERIA--NOMBRE DE PERSONA
Nombre de persona CALDERA, RAFAEL,
Fechas asociadas al nombre 1916-
9 (RLIN) 9096
600 14 - PUNTO DE ACCESO ADICIONAL DE MATERIA--NOMBRE DE PERSONA
Nombre de persona PÉREZ, CARLOS ANDRÉS
9 (RLIN) 16785
700 1# - PUNTO DE ACCESO ADICIONAL--NOMBRE DE PERSONA
Nombre de persona Infante Daboín, Bernardo,
Término indicativo de función/relación ed.
9 (RLIN) 16786
830 #0 - PUNTO DE ACCESO ADICIONAL DE SERIE-TÍTULO UNIFORME
Título uniforme Trópicos ;
Designación de volumen o secuencia 58
9 (RLIN) 13719
Holdings
Estado de retiro Estado de pérdida Restricciones de uso No para préstamo Código de colección Localización permanente Ubicación/localización actual Ubicación en estantería Fecha de adquisición Número de inventario Total de préstamos Signatura topográfica completa Código de barras Fecha visto por última vez Precio válido a partir de Tipo de ítem Koha Número de copia
        Monografías: Libros y Folletos General General En catalogación 24.08.2009 LF1   320.87 P438e 5959-10 25.06.2020 25.06.2020 Préstamo en sala  
    Préstamo restringido Préstamo restrigido Monografías: Libros y Folletos General General En catalogación 10.12.2009 LF1   320.87 P438e 5959-20 25.06.2020 25.06.2020 Préstamo interno e.2

Powered by Koha